<?xml version="1.0" encoding="UTF-8"?>
<record
    xmlns:xsi="http://www.w3.org/2001/XMLSchema-instance"
    xsi:schemaLocation="http://www.loc.gov/MARC21/slim http://www.loc.gov/standards/marcxml/schema/MARC21slim.xsd"
    xmlns="http://www.loc.gov/MARC21/slim">

  <leader>02706njm a2200457Ia 4500</leader>
  <controlfield tag="001">61805</controlfield>
  <controlfield tag="003">IT-RoPAU</controlfield>
  <controlfield tag="005">20220918181119.0</controlfield>
  <controlfield tag="008">131025s9999    xx            000 0 und d</controlfield>
  <datafield tag="040" ind1=" " ind2=" ">
    <subfield code="a">IT-RoPAU</subfield>
  </datafield>
  <datafield tag="040" ind1=" " ind2=" ">
    <subfield code="c">IT-RoPAU</subfield>
  </datafield>
  <datafield tag="041" ind1=" " ind2=" ">
    <subfield code="a">INGLESE</subfield>
  </datafield>
  <datafield tag="999" ind1=" " ind2=" ">
    <subfield code="c">99630</subfield>
    <subfield code="d">99630</subfield>
  </datafield>
  <datafield tag="999" ind1=" " ind2=" ">
    <subfield code="b">n.d.</subfield>
  </datafield>
  <datafield tag="100" ind1=" " ind2=" ">
    <subfield code="a">AA.VV.</subfield>
    <subfield code="9">794</subfield>
  </datafield>
  <datafield tag="100" ind1=" " ind2=" ">
    <subfield code="e">Autore musica</subfield>
    <subfield code="9">23108</subfield>
  </datafield>
  <datafield tag="100" ind1=" " ind2=" ">
    <subfield code="g">Codice autore musica SPICS: 12000</subfield>
    <subfield code="9">796</subfield>
  </datafield>
  <datafield tag="245" ind1=" " ind2=" ">
    <subfield code="a">Who's That Girl (Original Motion Picture Soundtrack Lp 92 5611)</subfield>
  </datafield>
  <datafield tag="250" ind1=" " ind2=" ">
    <subfield code="a">1a ed.</subfield>
  </datafield>
  <datafield tag="260" ind1=" " ind2=" ">
    <subfield code="a">NEW YORK</subfield>
  </datafield>
  <datafield tag="260" ind1=" " ind2=" ">
    <subfield code="b">SIRE RECORS INC.</subfield>
    <subfield code="c">1987 [1a Ed.:1987 - Ed. Lingua Orig.: 1987]</subfield>
  </datafield>
  <datafield tag="300" ind1=" " ind2=" ">
    <subfield code="a">DISCO</subfield>
  </datafield>
  <datafield tag="300" ind1=" " ind2=" ">
    <subfield code="c">41 minuti (Testo:  pag.)</subfield>
  </datafield>
  <datafield tag="500" ind1=" " ind2=" ">
    <subfield code="a">Musica pop, rock. Colonna sonora del film omonimo.</subfield>
  </datafield>
  <datafield tag="505" ind1=" " ind2=" ">
    <subfield code="a">Who's That Girl [(Madonna) (3:00)] - Causing a Commotion [(Madonna) (4:20)] - The Look of Love [(Madonna) (4:03)] - 24 Hours [(Faure Duncan) (3:38)] - Step by Step (4:43) - Turn It Up [(Michael Davidson) (3:56)] - Best Thing Ever (3:51) - Can't Stop [(Madonna) (4:45)] - El Coco Loco [(So So Bad) (Coati Mundi Hernandez) (6:22)]</subfield>
  </datafield>
  <datafield tag="650" ind1=" " ind2=" ">
    <subfield code="a">POP [DISCHI]</subfield>
    <subfield code="e">Codice MATERIA SPICS: 9950</subfield>
    <subfield code="9">1001</subfield>
  </datafield>
  <datafield tag="700" ind1=" " ind2=" ">
    <subfield code="a">Madonna (Ciccone) </subfield>
    <subfield code="g">Codice interprete SPICS: 13281</subfield>
    <subfield code="e">Interprete</subfield>
    <subfield code="9">23109</subfield>
  </datafield>
  <datafield tag="700" ind1=" " ind2=" ">
    <subfield code="a">Madonna (Ciccone) </subfield>
    <subfield code="g">Codice autore testo/musica SPICS: 13281</subfield>
    <subfield code="e">Autore testo/musica</subfield>
    <subfield code="p">Who's That Girl - Causing a Commotion - The Look of Love  - Can't Stop</subfield>
    <subfield code="9">23110</subfield>
  </datafield>
  <datafield tag="700" ind1=" " ind2=" ">
    <subfield code="a">Leonard Patrick</subfield>
    <subfield code="g">Codice autore musica SPICS: 21695</subfield>
    <subfield code="e">Autore musica</subfield>
    <subfield code="p">Who's That Girl - The Look of Love</subfield>
    <subfield code="9">23111</subfield>
  </datafield>
  <datafield tag="700" ind1=" " ind2=" ">
    <subfield code="a">Bray Steve (Stephen)</subfield>
    <subfield code="g">Codice autore musica SPICS: 21696</subfield>
    <subfield code="e">Autore musica</subfield>
    <subfield code="p">Causing a Commotion</subfield>
    <subfield code="9">23112</subfield>
  </datafield>
  <datafield tag="700" ind1=" " ind2=" ">
    <subfield code="a">Wilson J.</subfield>
    <subfield code="g">Codice autore musica SPICS: 21697</subfield>
    <subfield code="e">Autore musica</subfield>
    <subfield code="p">Twenty-Four Hours</subfield>
    <subfield code="9">23113</subfield>
  </datafield>
  <datafield tag="700" ind1=" " ind2=" ">
    <subfield code="a">Kessler M.</subfield>
    <subfield code="g">Codice autore testo/musica SPICS: 21698</subfield>
    <subfield code="e">Autore testo/musica</subfield>
    <subfield code="p">Twenty-Four Hours</subfield>
    <subfield code="9">23114</subfield>
  </datafield>
  <datafield tag="700" ind1=" " ind2=" ">
    <subfield code="a">Agent D.</subfield>
    <subfield code="g">Codice autore musica SPICS: 21700</subfield>
    <subfield code="e">Autore musica</subfield>
    <subfield code="p">Step By Step</subfield>
    <subfield code="9">23115</subfield>
  </datafield>
  <datafield tag="700" ind1=" " ind2=" ">
    <subfield code="a">Foster David</subfield>
    <subfield code="g">Codice autore SPICS: 21699</subfield>
    <subfield code="e">Autore</subfield>
    <subfield code="p">Step By Step</subfield>
    <subfield code="9">23116</subfield>
  </datafield>
  <datafield tag="700" ind1=" " ind2=" ">
    <subfield code="a">King J.</subfield>
    <subfield code="g">Codice autore testo/musica SPICS: 21773</subfield>
    <subfield code="e">Autore testo/musica</subfield>
    <subfield code="p">Step By Step</subfield>
    <subfield code="9">23117</subfield>
  </datafield>
  <datafield tag="700" ind1=" " ind2=" ">
    <subfield code="a">Davidson Michael</subfield>
    <subfield code="g">Codice autore musica SPICS: 21775</subfield>
    <subfield code="e">Autore musica</subfield>
    <subfield code="p">Turn It Up</subfield>
    <subfield code="9">23118</subfield>
  </datafield>
  <datafield tag="700" ind1=" " ind2=" ">
    <subfield code="a">Mercier F.</subfield>
    <subfield code="g">Codice autore testo/musica SPICS: 21701</subfield>
    <subfield code="e">Autore testo/musica</subfield>
    <subfield code="p">Turn It Up</subfield>
    <subfield code="9">23119</subfield>
  </datafield>
  <datafield tag="700" ind1=" " ind2=" ">
    <subfield code="a">Gamson David</subfield>
    <subfield code="g">Codice autore musica SPICS: 21703</subfield>
    <subfield code="e">Autore musica</subfield>
    <subfield code="p">Best Thing Ever</subfield>
    <subfield code="9">23120</subfield>
  </datafield>
  <datafield tag="700" ind1=" " ind2=" ">
    <subfield code="a">Gartside G.</subfield>
    <subfield code="g">Codice autore testo/musica SPICS: 21702</subfield>
    <subfield code="e">Autore testo/musica</subfield>
    <subfield code="p">Best Thing Ever</subfield>
    <subfield code="9">23121</subfield>
  </datafield>
  <datafield tag="700" ind1=" " ind2=" ">
    <subfield code="a">Coati Mundi </subfield>
    <subfield code="g">Codice autore musica SPICS: 21704</subfield>
    <subfield code="e">Autore musica</subfield>
    <subfield code="p">El coco loco (So So Bad)</subfield>
    <subfield code="9">23122</subfield>
  </datafield>
  <datafield tag="942" ind1=" " ind2=" ">
    <subfield code="c">MD</subfield>
    <subfield code="2">ddc</subfield>
  </datafield>
  <datafield tag="952" ind1=" " ind2=" ">
    <subfield code="0">0</subfield>
    <subfield code="1">0</subfield>
    <subfield code="4">0</subfield>
    <subfield code="6">61805_000000000000000</subfield>
    <subfield code="7">1</subfield>
    <subfield code="a">SPICS</subfield>
    <subfield code="b">SPICS</subfield>
    <subfield code="d">2013-10-25</subfield>
    <subfield code="l">0</subfield>
    <subfield code="o">61805</subfield>
    <subfield code="r">2013-10-25 00:00:00</subfield>
    <subfield code="w">2013-10-25</subfield>
    <subfield code="y">MD</subfield>
    <subfield code="z">Progr. Ins.: 15719 / N.Vol.: 1 / Copie: 1 - Copia rara: n.d. / date import: 01.01.2014 - By Epidotti, Trombetti, Vaglietti</subfield>
  </datafield>
</record>
